00938 2200229 4500001002100000005001500021035002000036245010100056100001100157250000600168300000800174006001800182007000300200008004100203260003800244082000800282084001400290020002200304650001400326520035200340990001600692INLIS00000000000136320240711105105 a0010-05240005981 aDisiplin Positif untuk Merdeka Belajar :bStrategi Penerapan pada Jenjang SMA /cJ.H. Souisa dkk0 aSouisa a1 a194a ta240711 0  aJakarta :bKemdikbudristek,c2022 a000 a000 DIS s a978-623-194-042-1 4aNon Fiksi aPenerapan pendekatan disiplin positif memiliki relevansi yang kuat dengan iklim keamanan, iklim kebhinekaan, serta kualitas pembelajaran. Melalui pendekatan yang membuat peserta didik dapat memahami dan mengontrol perilakunya dengan kesadaran, bertanggung jawab atas tindakan dan perilakunya sebagai bentuk menghormati diri sendiri dan orang lain. a00000010087